Vista normal
Vista MARC
Entrada Título Uniforme
Número de registros utilizados en: 9
001 - NÚMERO DE CONTROL
- Campo de control: 34512
003 - IDENTIFICADOR DE NÚMERO DE CONTROL
- Campo de control: ES-MaCES
005 - FECHA Y HORA DE LA ULTIMA MODIFICACION
- Campo de control: 20100406081900.0
008 - ELEMENTOS DE DATOS DE LONGITUD FIJA
- Campo de longitud fija: 100406 | azznnaabn |n ana d
035 ## - NÚMERO DE CONTROL DEL SISTEMA
- Número de control del sistema: CES20100000224t
040 ## - FUENTE DE LA CATALOGACIÓN
- Agencia original de catalogación: ES-MaCES
- Idioma de catalogación: spa
- Agencia de transcripción: ES-MaCES
130 #0 - ENCABEZAMIENTO--TÍTULO UNIFORME
- Título uniforme: Convención Internacional sobre los Derechos de las Personas con Discapacidad
- Fecha de la firma del tratado: 2006
670 ## - FUENTE DE DATOS ENCONTRADOS
- Fuente de citación: CD del CES
901 ## - CES. DATOS SIRTEX
- ID Sirtex (N5N8): 0002300002891
- 005BIS Sirtex: 201004060819ALORITE

